000 00595nam a2200193Ii 4500
003 JO-AjNU
008 230605s9999||||xx |||||||||||||| ||und||
040 _aJO-AjNU
_bara
_erda
_cJO-AjNU
041 _aara
050 1 4 _aJX1954.M2
100 3 _aالمجذوب، محمد,
_eauthor
_945976
245 0 0 _aقانون المنظمات الدولية
264 3 1 _aد.م: د.ن، د.ت
300 _a106ص
336 _atext
_btxt
_2rdacontent
337 _aunmediated
_bn
_2rdamedia
338 _avolume
_bnc
_2rdacarrier
650 4 _aالمنطمات الدولية - قانون دولي
_945977
999 _aA19969
_c23537
_d23537